| 000 | 01724nam a2200265 i 4500 | ||
|---|---|---|---|
| 003 | DO-SdBNP | ||
| 005 | 20250508092550.0 | ||
| 007 | ta | ||
| 008 | 250508b2025 |||g|||| |||| 00| 0 spa d | ||
| 020 | _a9789945292350 | ||
| 040 |
_aDO-SdBNP _bspa _cBNPHU _erda |
||
| 082 |
_axxx _bC227 _222 |
||
| 100 | 1 |
_aCanoute, Dieuvy _eautor _4aut. _987243 |
|
| 245 | 0 | 4 |
_aMEM Método de enseñanza musical: _bteoría & práctica / _cDieuvy Canoute |
| 264 | 1 |
_aSanto Domingo : _b[editor no identificado]. _c2025. |
|
| 300 |
_a333 páginas : _bmúsica _c28 cm. |
||
| 336 |
_atexto _btxt _2rdacontent |
||
| 337 |
_asin mediación _bn _2rdamedia |
||
| 338 |
_avolumen _bnc _2rdacarrier |
||
| 500 | _aLibro en espiral y pasta dura. | ||
| 520 | _aEste método de enseñanza musical es "una exposición de conocimientos teóricos y habilidades prácticas, de manera clara y ordenada". Basada en: Comprensión, memorización, resolución de ejercicios y la evaluación del aprendizaje. Contiene: 1) Una introducción a la música; nociones de: escritura, escala, intervalo y acorde. Una evaluación del aprendizaje teórico y un plan de estudio general del método. 2) Práctica: Lectura musical, gráficos para escalas y acordes en guitarra, armonía de acordes (en partitura para piano y cifrado de acordes; con progresiones de acordes mas usadas); partituras para guitarra, piano [canciones (melodías con letras y acordes) y obras instrumentales]; Partituras para batería, bajo (basada en las mismas progresiones de acordes de capítulo anterior para piano) y ejercicios vocales. Destinado primeramente a mis estudiantes y el público general. | ||
| 590 | _aInventariado, 2025/ YL | ||
| 910 | _aYlockward | ||
| 942 |
_2ddc _cLBS1 |
||
| 999 |
_c58474 _d58474 |
||